000 00632nam a2200229 i 4500
001 15024
003 ES-MaACL
005 20250911062633.0
007 t|
008 991202s1998 sp ||||1| spa d
020 _a84-233-3048-6
080 _a821.134.2-31"19"
100 1 _aMartín Gaite, Carmen,
_d1925-2000
_977496
245 1 4 _aLas ataduras /
_cCarmen Martín Gaite.
250 _a2ª ed.
260 _aBarcelona :
_bDestino,
_c1998.
300 _a187 p. ;
_c23 cm.
490 1 _aAncora y delfín ;
_v823
830 0 0 _aÁncora y Delfín
_v823
_9151298
852 _aES-MaACL
_jL-22189
_bR.127475
999 _c15024
_d15024